000 00365 a2200169 4500
001 170474
020 _a978-85-08-12068-0
040 _cMagnum
100 _aAguiar, Luiz Antonio
240 1 0 _aCorações partidos
_lpor
245 1 0 _aCorações partidos
300 _a152
362 0 _a2014
440 1 _aÁtica
697 _aLITERATURA JUVENIL
942 _cBK
999 _c170474
_d170474